A paz perpétua (Registo nº 202835)

Detalhes MARC
000 -Etiqueta do registo
Valores 00640nam a2200205 4500
100 ## - Dados gerais de processamento
Dados gerais 20251104 pory50
200 ## - Titulo e menção de responsabilidade
Título próprio A paz perpétua
Primeira menção de responsabilidade Immanuel Kant
Outras menções de responsabilidade tradução de A. M. C.
Informação de outro título ensaio filosófico
210 ## - Publicação
Local de publicação Porto
Nome do editor Livraria Educação Especial
Data de publicação 1941
215 ## - Descrição física 
Paginação / Volumes 192 p.
Outras indicações físicas brochado
Dimensões 18 cm
225 ## - Colecção 
Título próprio da colecção Obras primas de todos os tempos
606 ## - Nome comum usado como assunto
ID Autoridade 32
Palavra de ordem Filosofia
675 ## - CDU
Notação 1 Kant
Edição PT
Língua por
675 ## - CDU
Notação 172.4
Edição PT
Língua por
700 ## - Autor principal (pessoa individual)
ID Autoridade 2656
Apelido kant
Nome Immanuel
Datas 1724-1804
702 ## - Autor secundário (pessoa individual)
ID Autoridade 17686
Apelido Cruz
Nome Alberto Machado
801 ## - Fonte de origem
País PT
Agência BMMN
Regras de catalogação RPC
830 ## - Notas gerais do catalogador
Criado por Ana Falardo
Indexado por Ana Falardo
990 ## - Elementos KOHA
Tipo de documento Livro
Exemplares
Situação do levantamento Biblioteca de origem Código de barras Cota Permissão de empréstimo Tipo de documento Nota relativa ao exemplar Forma de aquisição
  Biblioteca Municipal de Montemor-o-Novo 32356 1 KAN|SAF   Livro Acesso Condicionado Oferta

Powered by Koha